| 000 | 01017cad a22002175a 4500 | ||
|---|---|---|---|
| 001 | L153421 | ||
| 008 | 110722s2011 xxk 000 0 eng d | ||
| 035 | _a(Sirsi) u153421 | ||
| 041 | 0 | _aeng | |
| 100 | 1 | _aWarburton, Richard | |
| 245 | 0 | 0 |
_aInternational focus on India _bSummer 2011 _h[electronic resource] |
| 260 |
_a[S.l.] _bEC Harris _c2011 |
||
| 520 | _aConstruction sector poised for further growth as Indian economy forges ahead; an overview of the Indian construction sector; foreign investment in the real estate sector; commercial real estate trends; commercial sector and infrastructure sector; commodity/input prices; economy and construction in India at a glance (chart and summary). | ||
| 590 | _aKA NTK | ||
| 651 | 4 | _aIndia | |
| 690 | _aBUILT ENVIRONMENT-CONSTRUCTION MARKET | ||
| 700 | 1 | _aMoore, Paul | |
| 710 | 1 |
_aEC Harris _94930 |
|
| 856 | 4 | 0 |
_uhttps://www.echarris.com/pdf/7992_International%20Focus%20on%20India%20FINAL.pdf _zView the item free of charge at www.echarris.com |
| 942 | _n0 | ||
| 999 |
_c112510 _d112510 |
||